| 000 | 00495nam a2200181Ia 4500 | ||
|---|---|---|---|
| 005 | 20250326141801.0 | ||
| 008 | 250326s9999 xx 000 0 und d | ||
| 037 | _aTextbook | ||
| 040 |
_aFMSL _beng _cFMSL |
||
| 041 |
_aeng _2eng |
||
| 084 | _qFMSL | ||
| 100 |
_aMehta Basant _9745064 |
||
| 245 | 0 |
_aOrganisation and working of lead Bank scheme in India _cMehta Basant |
|
| 260 |
_aAllahabad _bAllahabad, Vohra Pub _c1989 |
||
| 300 | _a371p | ||
| 942 | _cTB | ||
| 999 |
_c1291950 _d1291950 |
||